Simple ceramics : hand-built pots for kitchen andgarden.
| Main Author: | |
|---|---|
| Format: | Book |
| Published: |
Port Melbourne:
Lothian,
1995.
|
| Series: | Lothian Australian Craft Series
|
| Subjects: |
| LEADER | 00517cam a2200181 7i4500 | ||
|---|---|---|---|
| 001 | 0000005904 | ||
| 005 | 19991025090000.0 | ||
| 002 | ##000007552 | ||
| 020 | 0 | 0 | |a 0-85091-625-9 |
| 090 | 0 | 0 | |a DE 738 |b RIC |
| 100 | 1 | 0 | |a Richardson-Hyde |
| 245 | 1 | 0 | |a Simple ceramics : |b hand-built pots for kitchen andgarden. |
| 260 | 0 | 0 | |a Port Melbourne: |b Lothian, |c 1995. |
| 300 | 0 | 0 | |a 64 p.. |
| 440 | 0 | 0 | |a Lothian Australian Craft Series |
| 650 | 0 | 0 | |a Ceramics |
| 651 | 0 | 0 | |a Pottery |
| 999 | |a 0000007901 |b Book |c Open shelf |e Business Information Centre | ||


